[Event "Belgrade-chT Quality"]
[Site "Belgrade"]
[Date "2015.11.03"]
[Round "9"]
[White "Marjanovic, Milos"]
[Black "Stefanovic, Ivo"]
[Result "1/2-1/2"]
[WhiteElo "2076"]
[BlackElo "2075"]
[PlyCount "44"]
[EventDate "2015.10.03"]
[EventType "team-tourn"]
[EventRounds "11"]
[EventCountry "SRB"]
[SourceTitle "EXT 2018"]
[Source "ChessBase"]
[SourceDate "2017.10.13"]
[SourceVersion "1"]
[SourceVersionDate "2017.10.13"]
[SourceQuality "1"]

1. d4 Nf6 2. Nf3 e6 3. Bg5 Be7 4. e3 0-0 5. Bd3 d5 6. Nbd2 h6 7. Bh4 b6 8. Ne5 Nfd7 9. Bxe7 Qxe7 10. f4 c5 11. c3 cxd4 12. exd4 Ba6 13. Ndf3 Bxd3 14. Qxd3 Nxe5 15. Nxe5 Nd7 16. 0-0 Nxe5 17. fxe5 f5 18. exf6 Rxf6 19. Rxf6 Qxf6 20. Rf1 Qe7 21. Qg3 Rf8 22. Rxf8+ Kxf8 1/2-1/2